<?xml version="1.0" encoding="UTF-8"?><?xml-stylesheet type="text/xsl" href="static/style.xsl"?><OAI-PMH xmlns="http://www.openarchives.org/OAI/2.0/" xmlns:xsi="http://www.w3.org/2001/XMLSchema-instance" xsi:schemaLocation="http://www.openarchives.org/OAI/2.0/ http://www.openarchives.org/OAI/2.0/OAI-PMH.xsd"><responseDate>2026-04-18T15:20:19Z</responseDate><request verb="GetRecord" identifier="oai:recam.amb.cat:20.500.14439/1287" metadataPrefix="marc">https://recam.amb.cat/rest/oai/request</request><GetRecord><record><header><identifier>oai:recam.amb.cat:20.500.14439/1287</identifier><datestamp>2026-04-12T14:52:48Z</datestamp><setSpec>com_20.500.14439_4408</setSpec><setSpec>com_20.500.14439_125</setSpec><setSpec>col_20.500.14439_4409</setSpec></header><metadata><record xmlns="http://www.loc.gov/MARC21/slim" xmlns:dcterms="http://purl.org/dc/terms/" xmlns:xsi="http://www.w3.org/2001/XMLSchema-instance" xmlns:doc="http://www.lyncode.com/xoai" xsi:schemaLocation="http://www.loc.gov/MARC21/slim http://www.loc.gov/standards/marcxml/schema/MARC21slim.xsd">
   <leader>00925njm 22002777a 4500</leader>
   <datafield ind2=" " ind1=" " tag="042">
      <subfield code="a">dc</subfield>
   </datafield>
   <datafield ind2=" " ind1=" " tag="720">
      <subfield code="a">Àrea Metropolitana de Barcelona</subfield>
      <subfield code="e">author</subfield>
   </datafield>
   <datafield ind2=" " ind1=" " tag="260">
      <subfield code="c">2012-05-01</subfield>
   </datafield>
   <datafield ind2=" " ind1=" " tag="520">
      <subfield code="a">L'avinguda dels Plàtans és l'eix principal del parc: el travessa de sud a nord  i configura, amb els camins que la creuen, un seguit d'espais i ambients per a diferents usos. A la part més baixa hi ha la gran esplanada de jocs amb el trenet,   més amunt, el llac, els jardins amb glorietes i miradors, els camins, les zones d'estada i la piscina ocupen l'espai de les antigues feixes de conreu. A la part central s'ha mantingut l'estructura de terrasses i jardins que inclou les dues peces emblemàtiques del parc, el palau i la plataneda. Can Mercader és una peça d'importància vital com a única gran zona verda d'una ciutat amb més de 80.000 habitants.</subfield>
   </datafield>
   <datafield ind1="8" ind2=" " tag="024">
      <subfield code="a">https://hdl.handle.net/20.500.14439/1287</subfield>
   </datafield>
   <datafield ind1="8" ind2=" " tag="024">
      <subfield code="a">528201</subfield>
   </datafield>
   <datafield tag="653" ind2=" " ind1=" ">
      <subfield code="a">Parcs</subfield>
   </datafield>
   <datafield ind2="0" ind1="0" tag="245">
      <subfield code="a">Parc de Can Mercader: Plàtans centenaris</subfield>
   </datafield>
</record></metadata></record></GetRecord></OAI-PMH>